Spanish Quiz #1 (Present Tense) - Statistics

General Stats
  • This quiz has been taken 20 times
  • The average score is 14 of 18
Answer Stats
Question Answer % Correct
Ellos _______ (andar) por el parque todos los días. andan
100%
Tú _______ (beber) jugo de naranja por la mañana. bebes
100%
Ellos _______ (poner) la mesa antes de cenar. ponen
100%
Ella _______ (ir) al gimnasio todos los días. va
100%
Yo _______ (querer) viajar a España este verano. quiero
90%
Yo _______ (ver) a mis amigos los fines de semana. veo
90%
Tú _______ (conocer) a muchas personas en la escuela. conoces
89%
Nosotros _______ (correr) por el parque. corremos
89%
Tú _______ (dar) regalos en Navidad. das
89%
Nosotros _______ (comer) en la cafetería todos los días. comemos
88%
¿Quién _______ (cuidar) a tu perro cuando estás de viaje? cuida
88%
Ella _______ (estudiar) mucho para los exámenes. estudia
88%
Nosotros _______ (trabajar) en un proyecto importante. trabajamos
88%
¿_______ (trabajar) tú en una oficina? Trabajas
88%
Ellos _______ (vivir) en una casa cerca del parque. viven
88%
Ella _______ (ver) la televisión por la noche. ve
86%
Yo _______ (hacer) mi tarea por la tarde. hago
83%
Yo siempre _______ (jugar) al fútbol los domingos. juego
83%
Yo _______ (leer) mucho en mi tiempo libre. leo
83%
Yo _______ (seguir) a mis amigos en las redes sociales. sigo
83%
Nosotros _______ (ver) películas todos los fines de semana. vemos
83%
Nosotros _______ (decir) la verdad siempre. decimos
80%
Tú _______ (sentir) mucho frío en invierno. sientes
78%
Tú _______ (tener) una mochila muy bonita. tienes
75%
Tú _______ (hablar) español muy bien. hablas
71%
Ustedes _______ (escribir) cartas a sus amigos. escriben
67%
Todos los sábados _______ (salir) nosotros por la tarde. salimos
67%
Nosotros _______ (sentir) mucha felicidad hoy. sentimos
67%
Ustedes _______ (traer) sus libros a clase todos los días. traen
60%
Ellos _______ (dormir) hasta tarde los domingos. duermen
50%
Ellos _______ (oír) música mientras estudian. oyen
50%
Yo _______ (ser) estudiante en la universidad. soy
50%
Nosotros _______ (venir) a la fiesta a las 8. venimos
50%
Él _______ (venir) de un pueblo pequeño. viene
38%
Tú _______ (preferir) ir al cine en lugar de al teatro. prefieres
17%
No matching quizzes found
Score Distribution
Percent of People with Each Score
Percentile by Number Answered
Your Score History
You have not taken this quiz